[Event "EU-Cup 35th"]
[Site "Ulcinj"]
[Date "2019.11.10"]
[Round "1.5"]
[White "Sychev, Klementy"]
[Black "Van der Elburg, Freddie"]
[Result "1-0"]
[WhiteElo "2578"]
[BlackElo "2190"]
[PlyCount "49"]
[EventDate "2019.11.10"]
[EventType "team-swiss"]
[EventRounds "7"]
[EventCountry "MNE"]
[SourceTitle "CBM 193 Extra"]
[Source "ChessBase"]
[SourceDate "2020.01.31"]
[SourceVersion "1"]
[SourceVersionDate "2020.01.31"]
[SourceQuality "1"]
[WhiteTeam "Primorsky District"]
[BlackTeam "Apeldoorn MuConsult"]
[WhiteTeamCountry "RUS"]
[BlackTeamCountry "NED"]

1. Nf3 d6 2. d4 f5 3. Nc3 Nf6 4. Bg5 Nbd7 5. Qd3 g6 6. e4 fxe4 7. Nxe4 Bg7 8. 0-0-0 0-0 9. h4 Nxe4 10. Qxe4 Nf6 11. Bc4+ Kh8 12. Bxf6 exf6 13. Rde1 c6 14. Qf4 d5 15. Bd3 Qd7 16. Kb1 Qg4 17. Qc7 Qd7 18. Qxd7 Bxd7 19. h5 gxh5 20. Rxh5 Bg4 21. Rxh7+ Kg8 22. Bg6 Bxf3 23. Re7 Bh8 24. Rh3 Be4 25. Bh7+ 1-0

[Event "EU-Cup 34th"]
[Site "Porto Carras"]
[Date "2018.10.15"]
[Round "4.6"]
[White "Storme, Isak"]
[Black "Van der Elburg, Freddie"]
[Result "1-0"]
[WhiteElo "2276"]
[BlackElo "2191"]
[PlyCount "65"]
[EventDate "2018.10.12"]
[EventType "team-swiss"]
[EventRounds "7"]
[EventCountry "GRE"]
[SourceTitle "CBM 187"]
[Source "ChessBase"]
[SourceDate "2018.12.11"]
[SourceVersion "1"]
[SourceVersionDate "2018.12.11"]
[SourceQuality "1"]
[WhiteTeam "Copenhagen 11"]
[BlackTeam "Apeldoorn MuConsult"]
[WhiteTeamCountry "DEN"]
[BlackTeamCountry "NED"]

1. d4 f5 2. Bf4 Nf6 3. e3 d6 4. Nc3 g6 5. h4 Bg7 6. h5 Nxh5 7. Rxh5 gxh5 8. Qxh5+ Kf8 9. Be2 e6 10. Nh3 Bd7 11. 0-0-0 Be8 12. Qf3 d5 13. g4 Bg6 14. Ng5 Qd7 15. Bd3 fxg4 16. Qxg4 Bf5 17. Bxf5 exf5 18. Qg2 h6 19. Nf3 Nc6 20. Rg1 Rh7 21. Qg6 Kg8 22. Bxh6 Kh8 23. Bxg7+ Rxg7 24. Rh1+ Kg8 25. Qh6 Rh7 26. Rg1+ Rg7 27. Ng5 Ne7 28. Rh1 Ng6 29. Ne2 Kf8 30. Nf4 Nxf4 31. exf4 Re8 32. Qh8+ Rg8 33. Qf6+ 1-0

[Event "EU-Cup 34th"]
[Site "Porto Carras"]
[Date "2018.10.12"]
[Round "1.6"]
[White "Van der Elburg, Freddie"]
[Black "Pancevski, Filip"]
[Result "0-1"]
[WhiteElo "2191"]
[BlackElo "2489"]
[PlyCount "92"]
[EventDate "2018.10.12"]
[EventType "team-swiss"]
[EventRounds "7"]
[EventCountry "GRE"]
[SourceTitle "CBM 187"]
[Source "ChessBase"]
[SourceDate "2018.12.11"]
[SourceVersion "1"]
[SourceVersionDate "2018.12.11"]
[SourceQuality "1"]
[WhiteTeam "Apeldoorn MuConsult"]
[BlackTeam "Alkaloid"]
[WhiteTeamCountry "NED"]
[BlackTeamCountry "MKD"]

1. f4 g6 2. Nf3 Bg7 3. g3 c5 4. Bg2 Nc6 5. 0-0 d6 6. d3 Rb8 7. a4 Nf6 8. Nc3 0-0 9. e4 a6 10. h3 Nd7 11. Be3 Nd4 12. Qd2 b5 13. axb5 axb5 14. Rae1 b4 15. Nd1 Qa5 16. Qf2 Qa4 17. Nxd4 cxd4 18. Bxd4 Bxd4 19. Qxd4 Qxc2 20. Ne3 Qc5 21. Qxc5 Nxc5 22. d4 Nb3 23. Nd5 e6 24. Ne7+ Kg7 25. d5 Ba6 26. Rf2 Nc5 27. Rd2 Rfe8 28. Nc6 Rb6 29. Red1 exd5 30. exd5 h5 31. Rd4 Re3 32. Kh2 Rb3 33. R1d2 Na4 34. Be4 Nxb2 35. Bc2 Rc3 36. Rxb4 Nc4 37. Rxb6 Nxb6 38. Be4 Ra3 39. h4 Nc4 40. Rf2 Ne3 41. Rb2 Nf1+ 42. Kg2 Nxg3 43. Bb1 Bc4 44. Nb4 Ne2 45. f5 Nf4+ 46. Kf2 Rh3 0-1

[Event "Vlissingen HZ op 21st"]
[Site "Vlissingen"]
[Date "2017.08.10"]
[Round "7"]
[White "Van der Elburg, Freddie"]
[Black "Warmerdam, Max"]
[Result "0-1"]
[WhiteElo "2131"]
[BlackElo "2387"]
[PlyCount "58"]
[EventDate "2017.08.05"]
[EventType "swiss"]
[EventRounds "9"]
[EventCountry "NED"]
[SourceTitle "CBM 179 Extra"]
[Source "ChessBase"]
[SourceDate "2017.08.23"]
[SourceVersion "1"]
[SourceVersionDate "2017.08.23"]
[SourceQuality "1"]

1. f4 d5 2. Nf3 g6 3. g3 Bg7 4. Bg2 Nh6 5. 0-0 0-0 6. d3 d4 7. c3 c5 8. e4 dxe3 9. Bxe3 Nd7 10. Na3 Rb8 11. Nc4 Ng4 12. Qe2 Qc7 13. Rae1 b5 14. Nce5 Nxe3 15. Qxe3 Nb6 16. Nd2 Bb7 17. Bxb7 Rxb7 18. Nb3 Na4 19. Rf2 c4 20. Nd4 cxd3 21. Qxd3 Rd8 22. Qf3 e6 23. Rfe2 Rb6 24. a3 Rd5 25. h4 a5 26. Qf2 Nc5 27. Nxb5 Rxb5 28. c4 Nd3 29. Qf1 Bxe5 0-1

[Event "Vlissingen HZ op 21st"]
[Site "Vlissingen"]
[Date "2017.08.08"]
[Round "5"]
[White "Van der Elburg, Freddie"]
[Black "Skutta, Bernd"]
[Result "1-0"]
[WhiteElo "2131"]
[BlackElo "1934"]
[PlyCount "77"]
[EventDate "2017.08.05"]
[EventType "swiss"]
[EventRounds "9"]
[EventCountry "NED"]
[SourceTitle "CBM 179 Extra"]
[Source "ChessBase"]
[SourceDate "2017.08.23"]
[SourceVersion "1"]
[SourceVersionDate "2017.08.23"]
[SourceQuality "1"]

1. f4 d5 2. Nf3 Bg4 3. e3 Nd7 4. h3 Bxf3 5. Qxf3 c6 6. d4 e6 7. Bd3 Bd6 8. Nd2 f5 9. g4 g6 10. g5 Qa5 11. c3 Ne7 12. Qg2 c5 13. Nf3 Nc6 14. Bd2 c4 15. Bc2 b5 16. h4 b4 17. Kf2 bxc3 18. bxc3 Ba3 19. Rab1 0-0-0 20. h5 gxh5 21. Rxh5 Rdg8 22. Qh3 Rg7 23. Rh6 Nd8 24. g6 Nf6 25. Bxf5 exf5 26. Qxf5+ Nd7 27. gxh7 Rf7 28. Rc6+ Nxc6 29. Qxf7 Be7 30. Qg8+ Qd8 31. Qxd5 Kc7 32. Qxc4 Nf6 33. Ng5 Ng4+ 34. Ke2 Bxg5 35. d5 Qd6 36. dxc6 Be7 37. Rb7+ Kc8 38. Rd7 Qc5 39. Qa6+ 1-0

[Event "London Classic op 8th"]
[Site "London"]
[Date "2016.12.15"]
[Round "8"]
[White "Varney, Zoe"]
[Black "Van der Elburg, Freddie"]
[Result "0-1"]
[WhiteElo "2000"]
[BlackElo "2135"]
[PlyCount "76"]
[EventDate "2016.12.09"]
[EventType "swiss"]
[EventRounds "9"]
[EventCountry "ENG"]
[SourceTitle "CBM 176 Extra"]
[Source "ChessBase"]
[SourceDate "2017.03.02"]
[SourceVersion "1"]
[SourceVersionDate "2017.03.02"]
[SourceQuality "1"]

1. e4 c5 2. c3 d5 3. exd5 Qxd5 4. d4 Nc6 5. Nf3 Bg4 6. Be2 cxd4 7. cxd4 e6 8. Nc3 Qa5 9. 0-0 Nf6 10. Be3 Be7 11. Qb3 Qb4 12. Qxb4 Nxb4 13. h3 Bh5 14. Bb5+ Kf8 15. Ne5 Bd6 16. Rac1 a6 17. Ba4 Ke7 18. Rfe1 Rac8 19. g4 Bg6 20. Bg5 h6 21. Bh4 Bh7 22. f4 Rcg8 23. g5 hxg5 24. fxg5 Bf5 25. Nf3 Nd3 26. gxf6+ gxf6+ 27. Kf1 Bxh3+ 28. Ke2 Nxc1+ 29. Rxc1 Bg4 30. Rh1 Bg3 31. Bxf6+ Kxf6 32. Ne4+ Kf5 33. Nxg3+ Kf4 34. Rf1 Rh2+ 35. Kd3 Bxf3 36. Ne4 Rh1 37. Rf2 Rg2 38. Rxg2 Bxe4+ 0-1

[Event "London Classic op 8th"]
[Site "London"]
[Date "2016.12.13"]
[Round "6"]
[White "Siva, Mahadevan"]
[Black "Van der Elburg, Freddie"]
[Result "1-0"]
[WhiteElo "2360"]
[BlackElo "2135"]
[PlyCount "53"]
[EventDate "2016.12.09"]
[EventType "swiss"]
[EventRounds "9"]
[EventCountry "ENG"]
[SourceTitle "CBM 176 Extra"]
[Source "ChessBase"]
[SourceDate "2017.03.02"]
[SourceVersion "1"]
[SourceVersionDate "2017.03.02"]
[SourceQuality "1"]

1. Nf3 c5 2. e4 e6 3. d4 cxd4 4. Nxd4 Bc5 5. Nc3 Qb6 6. Na4 Qa5+ 7. c3 Bxd4 8. Qxd4 Nf6 9. Nc5 Nc6 10. Qe3 0-0 11. Be2 b6 12. Nb3 Qa4 13. f3 Ba6 14. 0-0 Bxe2 15. Qxe2 Ne5 16. Bg5 Qc4 17. Qf2 d5 18. Bxf6 gxf6 19. exd5 Qxd5 20. Rad1 Qb7 21. f4 Ng6 22. f5 Ne5 23. Qh4 Qe7 24. Rde1 exf5 25. Nd4 Ng6 26. Qh6 Qc5 27. Rxf5 1-0

[Event "London Classic op 8th"]
[Site "London"]
[Date "2016.12.12"]
[Round "5"]
[White "Van der Elburg, Freddie"]
[Black "Rogacewicz, Mikolaj"]
[Result "1-0"]
[WhiteElo "2135"]
[BlackElo "1765"]
[PlyCount "48"]
[EventDate "2016.12.09"]
[EventType "swiss"]
[EventRounds "9"]
[EventCountry "ENG"]
[SourceTitle "CBM 176 Extra"]
[Source "ChessBase"]
[SourceDate "2017.03.02"]
[SourceVersion "1"]
[SourceVersionDate "2017.03.02"]
[SourceQuality "1"]

1. c4 Nf6 2. g3 g6 3. Bg2 Bg7 4. Nc3 c5 5. a3 Nc6 6. Rb1 b6 7. b4 cxb4 8. axb4 Bb7 9. d4 0-0 10. e3 Rc8 11. Nge2 Na5 12. Bxb7 Nxb7 13. c5 d6 14. 0-0 Qd7 15. Qa4 Qxa4 16. Nxa4 Nd7 17. Ba3 Rc7 18. Nec3 dxc5 19. bxc5 Nf6 20. Nb5 Rcc8 21. Nxa7 Ra8 22. cxb6 Rfe8 23. Nc5 Nd8 24. Na6 Nd7 1-0

[Event "Leiden op-A 9th"]
[Site "Leiden"]
[Date "2015.07.19"]
[Round "3"]
[White "Das, Arghyadip"]
[Black "Van der Elburg, Freddie"]
[Result "1-0"]
[WhiteElo "2457"]
[BlackElo "2185"]
[PlyCount "69"]
[EventDate "2015.07.17"]
[EventType "swiss"]
[EventRounds "9"]
[EventCountry "NED"]
[SourceTitle "CBM 167 Extra"]
[Source "ChessBase"]
[SourceDate "2015.09.14"]
[SourceVersion "1"]
[SourceVersionDate "2015.09.14"]
[SourceQuality "1"]

1. e4 c5 2. Nf3 e6 3. d4 cxd4 4. Nxd4 Nc6 5. Nc3 Qc7 6. f4 a6 7. Nxc6 Qxc6 8. Bd3 b5 9. Qe2 Bb7 10. Bd2 Ne7 11. a3 Qc7 12. e5 Nf5 13. 0-0-0 Be7 14. Rhf1 h5 15. Kb1 g6 16. Ne4 a5 17. Nd6+ Nxd6 18. exd6 Bxd6 19. Bc3 Rg8 20. Bxb5 Bc6 21. Bxc6 Qxc6 22. Rd3 Be7 23. g3 a4 24. h3 f6 25. f5 gxf5 26. Qxh5+ Kd8 27. Bxf6 Bxf6 28. Qf7 Kc7 29. Qxf6 Kb7 30. Rf4 Ra7 31. Qf7 Rd8 32. Qe7 Qc7 33. Rc3 Qa5 34. Rb4+ Ka8 35. Rc5 1-0

[Event "Pula op 29th"]
[Site "Pula"]
[Date "2015.06.19"]
[Round "8"]
[White "Doric, Nenad"]
[Black "Van der Elburg, Freddie"]
[Result "1/2-1/2"]
[WhiteElo "2308"]
[BlackElo "2157"]
[PlyCount "58"]
[EventDate "2015.06.13"]
[EventType "swiss"]
[EventRounds "9"]
[EventCountry "CRO"]
[SourceTitle "CBM 167 Extra"]
[Source "ChessBase"]
[SourceDate "2015.09.14"]
[SourceVersion "1"]
[SourceVersionDate "2015.09.14"]
[SourceQuality "1"]

1. d4 f5 2. g3 Nf6 3. Bg2 g6 4. Nf3 Bg7 5. 0-0 0-0 6. b3 d6 7. Bb2 c6 8. c4 Na6 9. Nbd2 e5 10. dxe5 Ng4 11. Qc1 Nxe5 12. Bc3 Qe7 13. Qb2 Bd7 14. Rfe1 Rae8 15. Rad1 Nc7 16. Nb1 a6 17. Qd2 Nf7 18. Bxg7 Kxg7 19. Nc3 Qf6 20. Qd4 Re7 21. Qxf6+ Kxf6 22. h4 h6 23. Nd4 Rfe8 24. e3 Ne6 25. Nxe6 Bxe6 26. Rd2 g5 27. hxg5+ hxg5 28. Red1 Bc8 29. Rd4 Kg7 1/2-1/2

[Event "Gibraltar Challengers-B 13th"]
[Site "Caleta"]
[Date "2015.02.04"]
[Round "5"]
[White "Van der Elburg, Freddie"]
[Black "Schouten, Freek"]
[Result "1-0"]
[WhiteElo "2183"]
[BlackElo "2039"]
[PlyCount "85"]
[EventDate "2015.01.31"]
[EventType "swiss"]
[EventRounds "5"]
[EventCountry "GGB"]
[SourceTitle "CBM 164 Extra"]
[Source "ChessBase"]
[SourceDate "2015.03.02"]
[SourceVersion "1"]
[SourceVersionDate "2015.03.02"]
[SourceQuality "1"]

1. Nf3 d5 2. c4 e6 3. g3 Nf6 4. Bg2 Be7 5. 0-0 0-0 6. b3 c5 7. Bb2 Nc6 8. cxd5 exd5 9. d4 Be6 10. dxc5 Bxc5 11. Nc3 Qe7 12. a3 a5 13. Nb5 Rac8 14. e3 Ne4 15. Qe2 Bg4 16. h3 Bh5 17. Rfd1 Rfd8 18. g4 Bg6 19. Nbd4 Ba7 20. Rac1 Bb8 21. Qb5 Qc7 22. Ne2 Qd7 23. Nf4 Bxf4 24. exf4 f6 25. Nh4 Qe8 26. Nxg6 hxg6 27. Rxd5 Nd6 28. Qd3 Nf7 29. Rxd8 Rxd8 30. Qxg6 Qe6 31. Qc2 Rd6 32. Bf1 Qd7 33. Bc3 Nd4 34. Bxd4 Rxd4 35. Qc8+ Kh7 36. Qxd7 Rxd7 37. Rc5 b6 38. Rc6 Rb7 39. Bc4 Nh6 40. Bd3+ Kg8 41. g5 fxg5 42. fxg5 Rd7 43. Bc4+ 1-0

[Event "EU-Cup 29th"]
[Site "Rhodes"]
[Date "2013.10.26"]
[Round "7.5"]
[White "Van der Elburg, Freddie"]
[Black "Broekmeulen, Jasper"]
[Result "0-1"]
[WhiteElo "2196"]
[BlackElo "2435"]
[PlyCount "96"]
[EventDate "2013.10.20"]
[EventType "team-swiss"]
[EventRounds "7"]
[EventCountry "GRE"]
[SourceTitle "CBM 157"]
[Source "ChessBase"]
[SourceDate "2013.11.12"]
[SourceVersion "1"]
[SourceVersionDate "2013.11.12"]
[SourceQuality "1"]
[WhiteTeam "Apeldoorn"]
[BlackTeam "Amay"]
[WhiteTeamCountry "NED"]
[BlackTeamCountry "NED"]

1. f4 Nf6 2. Nf3 g6 3. g3 Bg7 4. Bg2 0-0 5. 0-0 c5 6. d3 Nc6 7. e4 d6 8. Nc3 Bg4 9. h3 Bxf3 10. Bxf3 Nd7 11. Bg2 Rb8 12. a4 a6 13. Be3 Nd4 14. Qd2 b5 15. axb5 axb5 16. Rae1 b4 17. Nd1 Nb6 18. Kh1 Na4 19. c3 bxc3 20. bxc3 Nb5 21. d4 Qa5 22. dxc5 dxc5 23. e5 Rfd8 24. Qa2 e6 25. Bxc5 Nbxc3 26. Nxc3 Qxc3 27. Bd6 Qb3 28. Qa1 Rxd6 29. Rb1 Nc5 30. Rxb3 Nxb3 31. Qa7 Rdd8 32. Rb1 Bf8 33. Kh2 Rb4 34. Qe3 Rdb8 35. Qc3 h5 36. h4 Kg7 37. Kh3 Nd4 38. Rxb4 Rxb4 39. Bf1 Nf5 40. Bd3 Nh6 41. Kg2 Ra4 42. Bb1 Ng4 43. Kh3 Ra3 44. Qd4 Rb3 45. Bc2 Re3 46. Qc4 Re1 47. Qb5 Rh1+ 48. Kg2 Rh2+ 0-1

[Event "EU-Cup 29th"]
[Site "Rhodes"]
[Date "2013.10.25"]
[Round "6.5"]
[White "Coenen, Norbert"]
[Black "Van der Elburg, Freddie"]
[Result "1/2-1/2"]
[WhiteElo "2316"]
[BlackElo "2196"]
[PlyCount "93"]
[EventDate "2013.10.20"]
[EventType "team-swiss"]
[EventRounds "7"]
[EventCountry "GRE"]
[SourceTitle "CBM 157"]
[Source "ChessBase"]
[SourceDate "2013.11.12"]
[SourceVersion "1"]
[SourceVersionDate "2013.11.12"]
[SourceQuality "1"]
[WhiteTeam "Eynatten"]
[BlackTeam "Apeldoorn"]
[WhiteTeamCountry "BEL"]
[BlackTeamCountry "NED"]

1. e4 c5 2. Nf3 e6 3. d4 cxd4 4. Nxd4 Nc6 5. Nc3 Qc7 6. Be2 a6 7. 0-0 Nf6 8. Be3 Be7 9. f4 d6 10. Qe1 0-0 11. Qg3 Nxd4 12. Bxd4 b5 13. a3 Bb7 14. Rae1 Rad8 15. Kh1 Rd7 16. Bd3 Re8 17. Qh3 Qd8 18. Re3 g6 19. Nd1 Bf8 20. Nf2 e5 21. fxe5 dxe5 22. Bc3 Nh5 23. Ng4 Bg7 24. Ref3 Bc8 25. Bd2 Rb7 26. R3f2 Be6 27. Qf3 Qc8 28. Nh6+ Kh8 29. Nf5 Bf8 30. Bb4 Bxb4 31. axb4 Rd8 32. Rd1 Nf4 33. Ne3 Kg8 34. Bf1 Rxd1 35. Qxd1 Rd7 36. Rd2 Rxd2 37. Qxd2 Qc6 38. Bd3 Qd6 39. Qc3 f6 40. Bf1 Qd4 41. Qxd4 exd4 42. Nd1 Bc4 43. Kg1 Kf7 44. g3 Ne6 45. Nf2 Nd8 46. c3 Nc6 47. Bh3 1/2-1/2

[Event "EU-Cup 29th"]
[Site "Rhodes"]
[Date "2013.10.22"]
[Round "3.5"]
[White "Van der Elburg, Freddie"]
[Black "Meribanov, Vitaly"]
[Result "0-1"]
[WhiteElo "2196"]
[BlackElo "2404"]
[PlyCount "104"]
[EventDate "2013.10.20"]
[EventType "team-swiss"]
[EventRounds "7"]
[EventCountry "GRE"]
[SourceTitle "CBM 157"]
[Source "ChessBase"]
[SourceDate "2013.11.12"]
[SourceVersion "1"]
[SourceVersionDate "2013.11.12"]
[SourceQuality "1"]
[WhiteTeam "Apeldoorn"]
[BlackTeam "Minsk"]
[WhiteTeamCountry "NED"]
[BlackTeamCountry "BLR"]

1. c4 Nf6 2. g3 c5 3. Bg2 Nc6 4. Nc3 g6 5. a3 Bg7 6. Rb1 a5 7. d3 0-0 8. Nh3 d6 9. Nf4 Bd7 10. 0-0 Rb8 11. h3 Ne8 12. Bd2 Nc7 13. Nfd5 Nxd5 14. Nxd5 b5 15. cxb5 Rxb5 16. Bc3 e6 17. Bxg7 Kxg7 18. Nc3 Rb8 19. e3 Qe7 20. d4 cxd4 21. exd4 d5 22. Qd2 Qf6 23. Rfd1 Na7 24. b4 axb4 25. Rxb4 Rxb4 26. axb4 Rb8 27. Qa2 Nb5 28. Nxb5 Bxb5 29. Qd2 Bc4 30. Bf1 Qf3 31. Bxc4 dxc4 32. Rc1 Qd5 33. Qc3 Rc8 34. Re1 Rd8 35. Rc1 Rc8 36. Re1 f6 37. Ra1 e5 38. dxe5 fxe5 39. Ra5 Qd4 40. Ra3 Qxc3 41. Rxc3 Kf6 42. Kf1 Ke6 43. Ke2 Kd5 44. Ra3 Kd4 45. Kd2 Rf8 46. f3 e4 47. fxe4 Rf2+ 48. Kc1 c3 49. Ra7 Kc4 50. Rc7+ Kb3 51. Kd1 c2+ 52. Ke1 Rh2 0-1

[Event "EU-Cup 29th"]
[Site "Rhodes"]
[Date "2013.10.20"]
[Round "1.5"]
[White "Van der Elburg, Freddie"]
[Black "Popov, Ivan1111"]
[Result "0-1"]
[WhiteElo "2196"]
[BlackElo "2653"]
[PlyCount "72"]
[EventDate "2013.10.20"]
[EventType "team-swiss"]
[EventRounds "7"]
[EventCountry "GRE"]
[SourceTitle "CBM 157"]
[Source "ChessBase"]
[SourceDate "2013.11.12"]
[SourceVersion "1"]
[SourceVersionDate "2013.11.12"]
[SourceQuality "1"]
[WhiteTeam "Apeldoorn"]
[BlackTeam "Rostov"]
[WhiteTeamCountry "NED"]
[BlackTeamCountry "RUS"]

1. c4 e5 2. g3 h5 3. h4 Nc6 4. Bg2 Bc5 5. Nc3 d6 6. d3 Bg4 7. Nf3 Nge7 8. a3 a5 9. Bd2 Qd7 10. Na4 0-0 11. Nxc5 dxc5 12. Bc3 f6 13. b3 Rad8 14. Qd2 Qe6 15. Qb2 Nd4 16. Ng1 b6 17. Rd1 Qd6 18. Rd2 f5 19. e3 f4 20. gxf4 exf4 21. exd4 cxd4 22. Bxd4 Qxd4 23. Qxd4 Rxd4 24. Nf3 Rd6 25. d4 Nc6 26. d5 Re8+ 27. Kf1 Ne5 28. Nd4 f3 29. Bh3 a4 30. Bxg4 hxg4 31. Nf5 axb3 32. Nxd6 cxd6 33. Kg1 Nxc4 34. Rd3 Re1+ 35. Kh2 g3+ 36. fxg3 f2 0-1

[Event "Queenstown op"]
[Site "Queenstown"]
[Date "2009.01.23"]
[Round "9"]
[White "Hecht, Hans Joachim"]
[Black "Van der Elburg, Freddie"]
[Result "1-0"]
[WhiteElo "2394"]
[BlackElo "2277"]
[PlyCount "107"]
[EventDate "2009.01.15"]
[EventType "swiss"]
[EventRounds "10"]
[EventCountry "NZL"]
[SourceTitle "CBM 128 Extra"]
[Source "ChessBase"]
[SourceDate "2009.03.05"]
[SourceVersion "2"]
[SourceVersionDate "2009.03.25"]
[SourceQuality "1"]

1. Nf3 d6 2. e4 c5 3. Bb5+ Nc6 4. 0-0 a6 5. Bxc6+ bxc6 6. Re1 e5 7. c3 Be6 8. d4 f6 9. Be3 Nh6 10. Bxh6 gxh6 11. dxc5 dxc5 12. Nbd2 Be7 13. Qe2 0-0 14. Nc4 Qc7 15. Nh4 Rf7 16. Nf5 Bf8 17. Rad1 Kh8 18. b3 Rd8 19. Rxd8 Qxd8 20. Rd1 Rd7 21. Rxd7 Qxd7 22. Nfe3 Qd8 23. Qd2 Qxd2 24. Nxd2 Bd6 25. Nf5 Bc7 26. Nc4 Kg8 27. Kf1 h5 28. Ke2 Bxc4+ 29. bxc4 Kf7 30. Kd3 Bd8 31. Kc2 Bc7 32. Kb3 Bd8 33. Kb2 Bc7 34. Kc1 Bd8 35. Kd2 Bc7 36. Nh4 Bd8 37. g3 Bc7 38. Ng2 Bd8 39. f4 Bc7 40. f5 Bd6 41. Ke2 Bc7 42. Ne1 Bd6 43. Nd3 Bf8 44. Kf3 Kg7 45. Nc1 Kf7 46. Nb3 Ke8 47. Kg2 Kf7 48. Kh3 Kg7 49. Kh4 Kh6 50. Na5 Be7 51. Nxc6 Bd6 52. Nd8 Be7 53. Ne6 Bd6 54. Kh3 1-0

[Event "Queenstown op"]
[Site "Queenstown"]
[Date "2009.01.16"]
[Round "2"]
[White "Van der Elburg, Freddie"]
[Black "Brown, Andrew"]
[Result "0-1"]
[WhiteElo "2277"]
[BlackElo "1987"]
[PlyCount "84"]
[EventDate "2009.01.15"]
[EventType "swiss"]
[EventRounds "10"]
[EventCountry "NZL"]
[SourceTitle "CBM 128 Extra"]
[Source "ChessBase"]
[SourceDate "2009.03.05"]
[SourceVersion "2"]
[SourceVersionDate "2009.03.25"]
[SourceQuality "1"]

1. c4 g6 2. Nf3 Bg7 3. e4 c5 4. d4 cxd4 5. Nxd4 d6 6. Nc3 Nf6 7. Be2 0-0 8. 0-0 a6 9. Be3 b6 10. f3 Bb7 11. Qd2 Nbd7 12. Rab1 Rc8 13. Rfc1 e6 14. Nc2 Ne5 15. b3 d5 16. exd5 exd5 17. cxd5 Nxd5 18. Nxd5 Qxd5 19. Qxd5 Bxd5 20. Nb4 Bb7 21. Bxb6 Nd7 22. Bf2 a5 23. Na6 Bh6 24. Rd1 Nf6 25. Nc5 Ba8 26. Bc4 Rfd8 27. Na4 Bc6 28. Nb6 Rb8 29. Rxd8+ Rxd8 30. a3 g5 31. h3 Bf8 32. b4 axb4 33. axb4 h5 34. b5 Bb7 35. Ra1 g4 36. Ra7 Rd1+ 37. Bf1 gxh3 38. Rxb7 Rxf1+ 39. Kh2 Rxf2 40. Kxh3 Bd6 41. Nc4 Bf4 42. Ra7 Rf1 0-1

[Event "Queenstown op"]
[Site "Queenstown"]
[Date "2009.01.15"]
[Round "1"]
[White "Matheson, Laurence"]
[Black "Van der Elburg, Freddie"]
[Result "0-1"]
[WhiteElo "1943"]
[BlackElo "2277"]
[PlyCount "144"]
[EventDate "2009.01.15"]
[EventType "swiss"]
[EventRounds "10"]
[EventCountry "NZL"]
[SourceTitle "CBM 128 Extra"]
[Source "ChessBase"]
[SourceDate "2009.03.05"]
[SourceVersion "2"]
[SourceVersionDate "2009.03.25"]
[SourceQuality "1"]

1. e4 c5 2. Nf3 e6 3. d4 cxd4 4. Nxd4 Nc6 5. Nc3 Qc7 6. Be2 a6 7. f4 b5 8. Nxc6 dxc6 9. Be3 Bb7 10. Bf3 e5 11. g3 Bd6 12. Bb6 Qe7 13. fxe5 Bxe5 14. Qd2 Nf6 15. 0-0-0 0-0 16. Rhe1 c5 17. g4 Rfc8 18. g5 Ne8 19. Ba5 Nd6 20. b3 Re8 21. Nd5 Bxd5 22. exd5 b4 23. Re2 Rab8 24. c4 Nb7 25. d6 Nxd6 26. Rde1 f6 27. gxf6 Qxf6 28. Qd5+ Nf7 29. Kb1 Re7 30. Bc7 Rxc7 31. Rxe5 g6 32. Re6 Qh4 33. R6e4 Qf6 34. Re6 Qh4 35. R6e4 Qxh2 36. Re7 Rxe7 37. Rxe7 Qf4 38. Qd3 Qf6 39. Qe2 Kf8 40. Re3 Nd6 41. Bd5 Re8 42. Rxe8+ Nxe8 43. Qe3 Qf5+ 44. Kb2 Qf6+ 45. Kb1 h5 46. Qxc5+ Qd6 47. Qf2+ Nf6 48. Qa7 Nxd5 49. Qa8+ Kg7 50. cxd5 Kf6 51. Qh8+ Kf5 52. Qd4 g5 53. Qd3+ Ke5 54. Qg3+ Kxd5 55. Qxg5+ Qe5 56. Qg8+ Kd4 57. Qc4+ Ke3 58. Qc1+ Kf2 59. Qd2+ Kf1 60. Qd3+ Kf2 61. Qd2+ Qe2 62. Qf4+ Kg1 63. Qxb4 Qf2 64. Qa5 h4 65. Qg5+ Kh1 66. Qh5 Qh2 67. Qf3+ Qg2 68. Qh5 h3 69. Kc1 h2 70. Kd1 Qxa2 71. Ke1 Qxb3 72. Kf1 Qb5+ 0-1

[Event "Hoogeveen Essent op"]
[Site "Hoogeveen"]
[Date "2008.10.24"]
[Round "8"]
[White "Van der Elburg, Freddie"]
[Black "Vul, Arkadi Eremeevich"]
[Result "1/2-1/2"]
[WhiteElo "2269"]
[BlackElo "2351"]
[PlyCount "54"]
[EventDate "2008.10.17"]
[EventType "swiss"]
[EventRounds "9"]
[EventCountry "NED"]
[SourceTitle "CBM 126 Extra"]
[Source "ChessBase"]
[SourceDate "2008.11.05"]
[SourceVersion "1"]
[SourceVersionDate "2008.11.05"]
[SourceQuality "1"]

1. c4 e6 2. g3 d5 3. Bg2 Nf6 4. Nf3 dxc4 5. 0-0 Nbd7 6. Na3 c5 7. Nxc4 b5 8. Ne3 Bb7 9. a4 a6 10. axb5 axb5 11. Rxa8 Bxa8 12. d4 Qb6 13. dxc5 Bxc5 14. Bd2 0-0 15. b4 Be7 16. Bc3 Rd8 17. Qa1 Be4 18. Qb2 Qb7 19. Rc1 Nb6 20. Be5 Rc8 21. Rxc8+ Qxc8 22. Qd4 Nbd5 23. Bxf6 Qc1+ 24. Nf1 Nxf6 25. Qa7 Nd5 26. Qb8+ Bf8 27. Qxb5 Nxb4 1/2-1/2

[Event "Hoogeveen Essent op"]
[Site "Hoogeveen"]
[Date "2008.10.20"]
[Round "4"]
[White "Van der Elburg, Freddie"]
[Black "Ulybin, Mikhail"]
[Result "1/2-1/2"]
[WhiteElo "2269"]
[BlackElo "2521"]
[PlyCount "99"]
[EventDate "2008.10.17"]
[EventType "swiss"]
[EventRounds "9"]
[EventCountry "NED"]
[SourceTitle "CBM 126 Extra"]
[Source "ChessBase"]
[SourceDate "2008.11.05"]
[SourceVersion "1"]
[SourceVersionDate "2008.11.05"]
[SourceQuality "1"]

1. c4 c5 2. g3 Nc6 3. Bg2 g6 4. Nc3 Bg7 5. a3 d6 6. Rb1 a5 7. Nf3 e5 8. d3 Nge7 9. 0-0 0-0 10. Ne1 Be6 11. Bg5 f6 12. Be3 Qd7 13. Nc2 a4 14. b4 axb3 15. Rxb3 Ra6 16. Qb1 Rb8 17. Nd5 Bxd5 18. cxd5 Na7 19. Bc1 Ra5 20. Bd2 Ra4 21. Ne3 b5 22. Nd1 Ra6 23. Nc3 Rab6 24. Rc1 h6 25. Rc2 f5 26. e4 Kh8 27. Rcb2 Qe8 28. Qc1 g5 29. f3 f4 30. Be1 Ng6 31. Bf2 R6b7 32. Qb1 Qd7 33. Qd1 h5 34. Qe1 Bf6 35. Ne2 Kg7 36. Qc1 Kh7 37. Kh1 Kh8 38. Rb1 Kg7 39. Qf1 Rh8 40. Kg1 Rb6 41. gxf4 Nxf4 42. Nxf4 gxf4 43. Bh3 Qe8 44. Be6 Kh6 45. Qh3 Rb7 46. Kh1 Rg7 47. Bf5 Rhg8 48. Be6 Rh8 49. Bf5 Rhg8 50. Be6 1/2-1/2